Es un atropello histórico: entrevista /
Gorde:
| Egile nagusia: | |
|---|---|
| Formatua: | Texto |
| Gaiak: | |
| Etiketak: |
Etiketa erantsi
Etiketarik gabe, Izan zaitez lehena erregistro honi etiketa jartzen!
|
MARC
| LEADER | 00000 a a2200000 04500 | ||
|---|---|---|---|
| 001 | 18257 | ||
| 003 | |||
| 040 | |||
| 100 | |a Villanueva, Armando | ||
| 245 | |a Es un atropello histórico: |b entrevista / |c Armando Villanueva | ||
| 650 | |a GUERRA | ||
| 773 | |g número 95; páginas 120 | ||
| 999 | |c 33563 |d 33563 | ||
